| 000 | 01385nmc a2200433 a 4500 | ||
|---|---|---|---|
| 003 | AR-BaBNM | ||
| 005 | 20251128204246.0 | ||
| 008 | 245019s1994 ||||||||||||||000 | spa|| | ||
| 020 | _a950-742-540-3 | ||
| 040 | _cAR-BaBNM | ||
| 100 | 1 | _aGilbert, Isidoro | |
| 245 | 1 | 0 |
_aEl oro de Moscú _bla historia secreta de las relaciones argentino-soviéticas |
| 260 |
_aBuenos Aires _bPlaneta _c1994 |
||
| 300 | 0 | _bfacsím., il. | |
| 490 | 0 | _aEspejo de la Argentina | |
| 500 | 0 | _aApéndices: Un argentino que fue general ruso - Carta de Litinov a Kraevski - Los embajadores - Informes de embajadas de los Estados Unidos | |
| 600 | 1 | 4 | _aGorbachov, Mijail |
| 600 | 1 | 4 | _aPerón, Juan Domingo |
| 600 | 1 | 4 | _aStalin, Iósif Vissariónovich |
| 600 | 1 | 4 |
_aAlfonsín, Raúl Ricardo _d1983-1989 |
| 600 | 1 | 4 | _aMenem, Carlos Saul |
| 600 | 1 | 4 | _aPerón, Eva |
| 600 | 1 | 4 | _aGelbard, José Ber |
| 650 | 4 | _aHISTORIA POLITICA | |
| 650 | 4 | _aHISTORIA DIPLOMATICA | |
| 650 | 4 | _aRELACIONES INTERNACIONALES | |
| 650 | 4 | _aDIPLOMACIA | |
| 650 | 4 | _aPOLITICA INTERNACIONAL | |
| 650 | 4 | _aRELACIONES BILATERALES | |
| 650 | 4 | _aGUERRA DE MALVINAS | |
| 650 | 4 | _aCOMUNISMO | |
| 650 | 4 | _aCOMERCIO INTERNACIONAL | |
| 650 | 4 | _aHISTORIA ECONOMICA | |
| 650 | 4 | _aHISTORIA DE LAS RELACIONES EXTERIORES | |
| 651 | 4 | _aArgentina | |
| 651 | 4 | _aUnión Soviética | |
| 942 | _cBK | ||
| 998 | _cEthel | ||
| 999 |
_c6743 _d6743 |
||